000 00379nam a2200121Ia 4500
005 20251222144738.0
008 251222s9999||||xx |||||||||||||| ||spa||
082 _a287.7/G23
100 _aGarcía C., Nury
245 0 _aNo digas soy un (a) muchacho (a)...¡Reflexiones y orientaciones para la pastoral con adolescentes!
264 _bConferencia Episcopal Peruana
942 _cLIB
999 _c18851
_d18851